Hearing happiness : deafness cures in History (Record no. 571142)

MARC details
000 -LEADER
fixed length control field 00784nam a2200217Ia 4500
008 - FIXED-LENGTH DATA ELEMENTS--GENERAL INFORMATION
fixed length control field 250516s9999 xx 000 0 und d
020 ## - INTERNATIONAL STANDARD BOOK NUMBER
ISBN 9780226690612
Paper back/Hardbound hbk
041 ## - LANGUAGE CODE
Language code of text/sound track or separate title eng
082 ## - DEWEY DECIMAL CLASSIFICATION NUMBER
Classification number 362.4 VIR
100 ## - MAIN ENTRY--AUTHOR NAME
Personal name Virdi, Jaipreet
245 #0 - TITLE STATEMENT
Title Hearing happiness : deafness cures in History
Statement of responsibility, etc /Jaipreet Virdi;
250 ## - EDITION STATEMENT
Edition statement 1st ed.
260 ## - PUBLICATION, DISTRIBUTION, ETC. (IMPRINT)
Name of publisher University of Chicago Press,
Year of publication 2020.
Place of publication Chicago:
300 ## - PHYSICAL DESCRIPTION
Number of Pages 331 p. :
Dimensions 23 cm.
504 ## - BIBLIOGRAPHY, ETC. NOTE
Bibliography, etc Includes bibliographies and index
520 ## - SUMMARY, ETC.
Summary, etc Through lyrical history and personal memoir, Hearing Happiness raises pivotal questions about deafness in American society and the endless quest for a cure.
650 ## - SUBJECT ADDED ENTRY--TOPICAL TERM
Topical Term Deafness - Treatment; Medicine - History;
700 ## - ADDED ENTRY--PERSONAL NAME
Personal name Deafness - Treatment - United States
942 ## - ADDED ENTRY ELEMENTS (KOHA)
Koha item type Reference
Holdings
Withdrawn status Lost status Damaged status Not for loan Home library Current library Shelving location Date acquired Full call number Accession Number Copy number Price effective from Koha item type
        Anna Centenary Library Anna Centenary Library 4TH FLOOR, A WING 27.03.2025 362.4 VIR 702629 1 27.03.2025 Reference
        Anna Centenary Library Anna Centenary Library 4TH FLOOR, A WING 27.03.2025 362.4 VIR 702628   27.03.2025 Reference

Find us on the map